West Ham United Squad 2019-2020 - Statistics

General Stats
  • This quiz has been taken 38 times
  • The average score is 21 of 28
Answer Stats
# Position Nation Player % Correct
1 GK Poland Łukasz Fabiański
100%
30 FW Jamaica Michail Antonio
100%
28 MF Czech Republic Tomáš Souček
93%
21 DF Italy Angelo Ogbonna
90%
- Coach Scotland David Moyes
90%
3 DF England Aaron Cresswell
86%
41 MF England Declan Rice
86%
10 MF Argentina Manuel Lanzini
86%
2 DF New Zealand Winston Reid
86%
7 FW Ukraine Andriy Yarmolenko
83%
4 DF Paraguay Fabián Balbuena
83%
16 MF England Mark Noble
83%
26 DF DR Congo Arthur Masuaku
79%
8 FW Brazil Felipe Anderson
79%
17 FW England Jarrod Bowen
76%
5 DF Argentina Pablo Zabaleta
76%
- Coach Chile Manuel Pellegrini
72%
15 MF Colombia Carlos Sánchez
69%
35 GK Ireland Darren Randolph
69%
18 MF Spain Pablo Fornals
69%
11 FW Scotland Robert Snodgrass
69%
23 DF Morocco Issa Diop
66%
22 FW Ivory Coast Sébastien Haller
66%
24 DF England Ryan Fredericks
59%
25 GK England David Martin
52%
13 GK Spain Roberto Jiménez
52%
19 MF England Jack Wilshere
48%
27 FW Switzerland Albian Ajeti
45%
No matching quizzes found
Score Distribution
Percent of People with Each Score
Percentile by Number Answered
Your Score History
You have not taken this quiz